书目信息 |
| 题名: |
元素有机化学
|
|
| 作者: | 曾昭抡 主编 | |
| 分册: | 第一分册 通论 | |
| 出版信息: | 北京 科学出版社 1965 |
|
| 页数: | 293页 | |
| 开本: | 20cm | |
| 丛书名: | ||
| 单 册: | ||
| 中图分类: | O627 | |
| 科图分类: | ||
| 主题词: | 有机化学 | |
| 电子资源: | ||
| ISBN: | ||
| 000 | 00566nam0 2200205 450 | |
| 001 | 0631632522 | |
| 005 | 20060327085008.04 | |
| 010 | @dCNY1.50 | |
| 100 | @a20060327d1965 km y0chiy0120 ea | |
| 101 | 0 | @achi |
| 102 | @aCN@b110000 | |
| 200 | 1 | @a元素有机化学@Ayuan su you ji hua xue@h第一分册@i通论@f曾昭抡主编@Fceng zhao lun zhu bian |
| 210 | @a北京@c科学出版社@d1965 | |
| 215 | 1 | @a293页@d20cm |
| 517 | 1 | @a通论@Atong lun |
| 606 | 0 | @a有机化学 |
| 690 | @aO627@v4 | |
| 701 | 0 | @a曾昭抡@Aceng zhao lun@4主编 |
| 801 | 0 | @aCN@bPFT@c20060327 |
| 905 | @a10447@dO627@e1:1 | |
| 元素有机化学.第一分册.通论/曾昭抡主编.-北京:科学出版社,1965 |
| 293页;20cm |
| ISBN :CNY1.50 |
| ● |
| 相关链接 |
|
|
|
|
正题名:元素有机化学
索取号:O627/1:1
 
预约/预借
| 序号 | 登录号 | 条形码 | 馆藏地/架位号 | 状态 | 备注 |
| 1 | 0017155 | 000352326 | 密集书库/ [索取号:O627/1:1] | 在馆 |